Possible Dart Board Scores with One Dart - Statistics

General Stats
  • This quiz has been taken 399 times
  • The average score is 38 of 43
Answer Stats
score % Correct
1
100%
2
100%
3
100%
4
100%
5
100%
6
100%
10
99%
11
99%
12
99%
13
99%
14
99%
15
99%
16
99%
20
99%
7
99%
8
99%
9
99%
18
98%
17
97%
19
97%
21
91%
22
91%
24
91%
25
90%
30
89%
26
86%
28
86%
32
84%
40
83%
27
82%
34
82%
36
82%
33
81%
38
76%
42
74%
39
73%
50
69%
60
68%
45
66%
48
63%
51
62%
57
61%
54
59%
No matching quizzes found
Score Distribution
Percent of People with Each Score
Percentile by Number Answered
Your Score History
You have not taken this quiz